Rolex surnoms partie 1 - Statistiques

Statistiques générales
  • Ce quiz a été pris 49 fois
  • Le résultat moyen est 4 sur 16
Statistiques - réponses
Par images Réponse % Correct
Rainbow
74%
Hulk
69%
Paul Newman
63%
Batgirl
54%
Eye of the Tiger
34%
Smurf
29%
Kermit
26%
John Mayer
23%
Zenith
20%
Cameron
14%
Cookie Monster
11%
Bao Dai
6%
Big Red
6%
Bart Simpson
3%
James Bond
3%
Nipple
3%
Aucun quiz correspondant
Distribution des résultats
% des personnes avec chaque résultat
Percentile par nombre de réponses
Votre historique - résultats
Vous n’avez pas pris ce quiz